=LDR 00000nam 2200000 4500 =001 INLIS000000000018113 =005 20130612113308 =008 ***********************************Ind** =035 ##$$0010-061300000018113 =041 ##$$a Ind =082 ##$$a 634.8 =090 ##$$a 634.8, Nur a =100 ##$$a Nurcahyo, Rko M =245 ##$$a Anggur dalam pot, Eko M. Nurcahyo =260 ##$$a 1997 $b Jakarta =300 ##$$a viii, 50 hlm, ilus, 21 cm =650 ##$$a Anggur =850 ##$$a NBPNMAT